| 000 | 00643nam a22001817a 4500 | ||
|---|---|---|---|
| 999 |
_c58474 _d58474 |
||
| 003 | Ge_BSU | ||
| 005 | 20220324131149.0 | ||
| 008 | 220324s2021 ge ||||| |||| 00| 0 geo d | ||
| 020 | _a9789941498299 | ||
| 041 | _ageo | ||
| 080 | _a616.31 გ-97 | ||
| 100 |
_aგურგენიძე, კახა _913612 |
||
| 245 |
_aდენტალური იმპალნტაცია : _bნაწილი 1 / _cკახა გურგენიძე. |
||
| 264 |
_aთბილისი : _bმწიგნობარი, _c2021. |
||
| 300 |
_a220 გვ. _bილ. _c25 სმ. |
||
| 773 | _tნაჩუქარი | ||
| 942 |
_2udc _cBK |
||